000 00904nam a2200253Ia 4500
003 OSt
005 20220926021039.0
006 a|||||r|||| 00| 0
007 ta
008 220923b |||||||| |||| 00| 0 eng d
020 _a9781841697369
_c2115.1700000000001
037 _b121/2010-11, 01/10/2010, PIONEER BOOK DISTRIBUTORS
_cGeneral Book
040 _aRTL
_cRTL
_beng
041 _2eng
_aeng
082 _aX:95:(S:5), Q0/TD
100 _aBAKKER Arnold B
_9325687
245 0 _aWork engagement
_b A handbook of essential theory and research
260 _aNew York
_bTaylor and Francis
_c2010
300 _aviii, 209p Bibliography chapterwise
_ccm.
650 _aCommerce
700 _a LEITER Michael P
_9325688
942 _hX:95:(S:5), Q0/TD
_cGB
_2CC
999 _c635625
_d635625